书目信息 |
| 题名: |
装备资源特性设计理论与分析方法
|
|
| 作者: | 杨宏伟 , 刘世伦 , 倪明仿 仿著 | |
| 分册: | ||
| 出版信息: | 北京 兵器工业出版社 2015.6 |
|
| 页数: | 220页 | |
| 开本: | 17cm | |
| 丛书名: | 装备资源工程丛书 | |
| 单 册: | ||
| 中图分类: | E23 | |
| 科图分类: | ||
| 主题词: | 资源节约型--军事装备--特性--研究 | |
| 电子资源: | ||
| ISBN: | 978-7-5181-0111-5 | |
| 000 | 01024oam2 2200277 45 | |
| 001 | 012001004858 | |
| 005 | 20140928162350.0 | |
| 010 | @a978-7-5181-0111-5@dCNY48.00 | |
| 100 | @a20150608d2015 em y0chiy0110 ea | |
| 101 | 0 | @achi |
| 102 | @aCN@b110000 | |
| 105 | @ay z 000yy | |
| 106 | @ar | |
| 200 | 1 | @a装备资源特性设计理论与分析方法@9zhuang bei zi yuan te xing she ji li lun yu fen xi fang fa@f杨宏伟,刘世伦,倪明仿著 |
| 210 | @a北京@c兵器工业出版社@d2015.6 | |
| 215 | @a220页@d17cm | |
| 225 | 2 | @a装备资源工程丛书 |
| 330 | @a本书从装备全寿命的视角,提出了装备资源特性的概念,分析了装备资源特性的内涵和外延,研究了定性定量要求、优化分析方法以及工程化管理一般方法等内容,初步形成了装备资源特性与分析理论体系。 | |
| 461 | 0 | @12001 @a装备资源工程丛书 |
| 606 | 0 | @a资源节约型@x军事装备@x特性@x研究 |
| 690 | @aE23@v5 | |
| 701 | 0 | @a杨宏伟@9yang hong wei@4仿著 |
| 701 | 0 | @a刘世伦@9liu shi lun@4仿著 |
| 701 | 0 | @a倪明仿@9ni ming fang@4著 |
| 801 | 0 | @aCN@b上海新华@c20180901 |
| 905 | @b1167173-7@dE23@e20@f5 | |
| 装备资源特性设计理论与分析方法/杨宏伟,刘世伦,倪明仿著.-北京:兵器工业出版社,2015.6 |
| 220页;17cm.-(装备资源工程丛书) |
| ISBN 978-7-5181-0111-5:CNY48.00 |
| 本书从装备全寿命的视角,提出了装备资源特性的概念,分析了装备资源特性的内涵和外延,研究了定性定量要求、优化分析方法以及工程化管理一般方法等内容,初步形成了装备资源特性与分析理论体系。 |
| ● |
| 相关链接 |
|
|
|
|
正题名:装备资源特性设计理论与分析方法
索取号:E23/20
 
预约/预借
| 序号 | 登录号 | 条形码 | 馆藏地/架位号 | 状态 | 备注 |
| 1 | 1167173 | 211671733 | 第一样本阅览室/ [索取号:E23/20] | 在馆 | |
| 2 | 1167174 | 211671742 | 第一借阅区/ [索取号:E23/20] | 在馆 | |
| 3 | 1167175 | 211671751 | 第一借阅区/ [索取号:E23/20] | 在馆 | |
| 4 | 1167176 | 211671760 | 第一借阅区/ [索取号:E23/20] | 在馆 | |
| 5 | 1167177 | 211671779 | 密集书库-海洋学院/ [索取号:E23/20] | 在馆 |